Diễn ca Khmer Nam Bộ

שמור ב:
מידע ביבליוגרפי
מחבר ראשי: Hoàng Túc
פורמט: לא ידוע
שפה:Vietnamese
יצא לאור: Thời Đại 2011
נושאים:
תגים: הוספת תג
אין תגיות, היה/י הראשונ/ה לתייג את הרשומה!
Thư viện lưu trữ: Mạng thư viện Đại học Đà Nẵng
LEADER 00853na a2200265 4500
001 000031378
003 6033
005 20151001093450.0
008 151001s2011 000 vie
020 |a 9786049162695 
082 |a 398.9  |b HO-T 
100 |a Hoàng Túc 
245 |a Diễn ca Khmer Nam Bộ  |c Hoàng Túc 
260 |a Thời Đại  |c 2011 
300 |a 291tr. : mh ; 21cm 
650 |a Diễn ca, Nam Bộ 
OWN |a LNN 
AVA |a UDN50  |b LNN  |d 398.9 HO-T  |e available  |t Error 5001 Not defined in file expand_doc_bib_avail.  |f 1  |g 0  |h N  |i 0  |k 1 
999 |a From the UDN01 
AVA |a UDN50  |b LNN  |d 398.9 HO-T  |e available  |t Error 5001 Not defined in file expand_doc_bib_avail.  |f 1  |g 0  |h N  |i 0  |k 1 
TYP |a Printed language 
980 |a Mạng thư viện Đại học Đà Nẵng